Airliners of Air France - Statistics

General Stats
  • This quiz has been taken 164 times
  • The average score is 9 of 12
Answer Stats
Answer % Correct
Airbus A320-200
96%
Airbus A321-200
96%
Airbus A350-900
90%
Airbus A330-200
89%
Airbus A319-100
78%
Airbus A318-100
74%
Boeing 777-300ER
71%
Boeing 777-200ER
66%
Airbus A220-300
61%
Boeing 787-9
60%
Embraer E190LR
41%
Embraer E170
29%
No matching quizzes found
Score Distribution
Percent of People with Each Score
Percentile by Number Answered
Your Score History
You have not taken this quiz